Electric circuits / (Record no. 188043)
[ view plain ]
| 000 -LEADER | |
|---|---|
| fixed length control field | 01457 a2200217 4500 |
| 003 - CONTROL NUMBER IDENTIFIER | |
| control field | Nust |
| 005 - DATE AND TIME OF LATEST TRANSACTION | |
| control field | 20170207153532.0 |
| 010 ## - LIBRARY OF CONGRESS CONTROL NUMBER | |
| LC control number | 89000127 |
| 020 ## - INTERNATIONAL STANDARD BOOK NUMBER | |
| International Standard Book Number | 0201172887 |
| 040 ## - CATALOGING SOURCE | |
| Transcribing agency | Nust |
| 082 00 - DEWEY DECIMAL CLASSIFICATION NUMBER | |
| Classification number | 621.3192 |
| 100 1# - MAIN ENTRY--PERSONAL NAME | |
| Personal name | Nilsson, James W. |
| 245 10 - TITLE STATEMENT | |
| Title | Electric circuits / |
| Statement of responsibility, etc. | James W. Nilsson. |
| 250 ## - EDITION STATEMENT | |
| Edition statement | 3rd ed. |
| 260 ## - PUBLICATION, DISTRIBUTION, ETC. | |
| Place of publication, distribution, etc. | Reading, Mass. : |
| Name of publisher, distributor, etc. | Addison-Wesley Pub. Co., |
| Date of publication, distribution, etc. | c1990. |
| 300 ## - PHYSICAL DESCRIPTION | |
| Extent | xvii, 829 p. : |
| Other physical details | ill. ; |
| Dimensions | 25 cm. + |
| Accompanying material | 1 tutorial manual. |
| 440 #0 - SERIES STATEMENT/ADDED ENTRY--TITLE | |
| Title | Addison-Wesley series in electrical and computer engineering |
| 505 ## - FORMATTED CONTENTS NOTE | |
| Formatted contents note | Circuit Variables (Page-1) Circuit Elements (Page-15) Simple Resistive Circuits (Page-36) Techniques of Circuit Analysis (Page-65) Topology in Circuit Analysis (Page-121) The Operational Amplifier (Page-145) Induction and Capacitance (Page-176) The Natural Response of RL and RC Circuits (Page-202) Step Response of First-Order and RC Circuits (Page-225) Natural and Step Responses of RLC Circuits (Page-266) Sinusoidal Steady-State Analysis (Page-312) Sinusoidal Steady-State Power Calculations (Page-367) Balanced Three-Phase Circuits (Page-403) Mutual Inductance (Page-446) Series and Parallel Resonance (Page-492) Introduction to the Laplace Transform (Page-536) The Laplace Transform in Circuit Analysis (Page-577) The Transfer Function (Page-616) Fourier Series (Page-668) The Fourier Transform (Page-718) Two-Port Circuits (Page-755) |
| 538 ## - SYSTEM DETAILS NOTE | |
| System details note | Almirah No.31 Shelf No.5 |
| 650 #0 - SUBJECT ADDED ENTRY--TOPICAL TERM | |
| Topical term or geographic name entry element | Electric circuits. |
| 942 ## - ADDED ENTRY ELEMENTS (KOHA) | |
| Source of classification or shelving scheme | |
| Koha item type | Book |
| Withdrawn status | Lost status | Source of classification or shelving scheme | Damaged status | Not for loan | Collection code | Permanent Location | Current Location | Date acquired | Total Checkouts | Full call number | Barcode | Date last seen | Price effective from | Koha item type |
|---|---|---|---|---|---|---|---|---|---|---|---|---|---|---|
| Military College of Signals (MCS) | Military College of Signals (MCS) | 12/12/2016 | 621.3192 NIL | MCS5436 | 12/08/2016 | 12/12/2016 | Book |
